000 00328pam a2200133 a 4500
020 _c
041 _h
082 _a750
_bNOV
100 _aFritz Novothy.
245 _aPainting and Sculpture In Europe 1780-1880
_hTextual Documents
260 _a[s.l]:
_bPenguin Books Ltd,
_c1989.
300 _a483:
_bpaper.
930 _a6382
999 _c240172
_d240172